| 000 | 00428nam a22001577a 4500 | ||
|---|---|---|---|
| 020 | _a9781119869818 | ||
| 040 | _cNUST | ||
| 082 | _a658.404 POR | ||
| 100 |
_aPortny, Jonathan L _999914 |
||
| 110 |
_a Portny, Stanley E. _999915 |
||
| 245 | _aProject Management for Dummies | ||
| 250 | _a6th Edition | ||
| 260 |
_aHoboken: _bJohn Wiley and Sons, _c2022. |
||
| 650 |
_aProject Management.NUSTTB2022 _9102797 |
||
| 942 |
_2ddc _cBK |
||
| 999 |
_c591689 _d591689 |
||